| 000 | 01188nam a22002657a 4500 | ||
|---|---|---|---|
| 001 | 8748 | ||
| 003 | FISKH | ||
| 005 | 20251016145927.0 | ||
| 008 | 251016b cb ||||| |||| 00| 0 eng d | ||
| 020 | _a9780194789059 | ||
| 040 |
_aFISKH _beng _cFISKH _dFISKH |
||
| 050 | _aPE1126.A4 E837 | ||
| 082 | _a428.6 | ||
| 100 |
_aEscott, John _eAuthor |
||
| 245 |
_aGoodbye, Mr.Hollywood / _cJohn Escott |
||
| 260 |
_aNew York : _bOxford University , _c1997 |
||
| 300 |
_a56 pages : _billustrations ; _c20 cm |
||
| 505 | _aJ | ||
| 520 | _aNick Lortz is sitting outside a cafe in Whistler, a village in the Canadian mountains, when a stranger comes and sits next to him. She's young, pretty, and has a beautiful smile. Nick is happy to sit and talk with her. But why does she call Nick 'Mr Hollywood'? Why does she give him a big kiss when she leaves? And who is the man at the next table - the man with short white hair? Nick learns the answers to these questions three long days later - in a police station on Vancouver Island. | ||
| 521 | 8 |
_a440
_bLexile |
|
| 521 | 8 |
_aJ
_bRaz-Plus |
|
| 650 |
_aAdults& young adults fiction _vAdventure |
||
| 942 |
_2ddc _cBK _n0 |
||
| 999 |
_c8748 _d8748 |
||